000 00451nam a2200181Ia 4500
001 5113
005 20260306145844.0
008 260306t2009||||xx |||||||||||||| ||spa||
041 _aESP
082 _a333.7
_bC265
100 _aConesa Fernández-Vítora, Vicente
_eAUT
245 0 _aGuía metodológica para la evaluación del impacto ambiental
260 _c2009
300 _a
_c
650 _aGEN
654 _aCAN
942 _cLIB
_dJUS
_fJUS
_2ddc
_n
999 _c5113
_d5113